IndyCar Fastest Laps Since Reunification - Statistics

General Stats
  • This quiz has been taken 26 times
    11 since last reset
  • The average score is 37 of 54
Answer Stats
Fastest Laps Driver Country % Correct
4 Alexander Rossi United States
100%
20 Álex Palou Spain
100%
3 Christian Lundgaard Denmark
100%
7 Colton Herta United States
100%
5 Ed Carpenter United States
100%
4 Felix Rosenqvist Sweden
100%
2 Graham Rahal United States
100%
19 Hélio Castroneves Brazil
100%
4 James Hinchcliffe Canada
100%
33 Josef Newgarden United States
100%
2 Linus Lundqvist Sweden
100%
6 Marcus Ericsson Sweden
100%
10 Patricio O'Ward Mexico
100%
32 Scott Dixon New Zealand
100%
5 Scott McLaughlin New Zealand
100%
7 Sébastien Bourdais France
100%
9 Simon Pagenaud France
100%
6 Takuma Sato Japan
100%
13 Tony Kanaan Brazil
100%
34 Will Power Australia
100%
7 Dario Franchitti United Kingdom
83%
3 Kyle Kirkwood United States
83%
2 Rinus VeeKay Netherlands
83%
1 Romain Grosjean France
83%
12 Ryan Briscoe Australia
83%
10 Ryan Hunter-Reay United States
83%
1 Dan Wheldon United Kingdom
67%
1 Jack Harvey United Kingdom
67%
3 Juan Pablo Montoya Colombia
67%
6 Justin Wilson United Kingdom
67%
3 Kyffin Simpson Cayman Islands
67%
1 Santino Ferrucci United States
67%
1 Carlos Muñoz Colombia
50%
3 Conor Daly United States
50%
5 David Malukas United States
50%
3 E.J. Viso Venezuela
50%
1 Hideki Mutoh Japan
50%
1 J.R. Hildebrand United States
50%
4 Marco Andretti United States
50%
1 Tomas Scheckter South Africa
50%
1 Zach Veach United States
50%
2 Charlie Kimball United States
33%
1 Jack Hawksworth United Kingdom
33%
1 James Jakes United Kingdom
33%
1 Max Chilton United Kingdom
33%
3 Mike Conway United Kingdom
33%
1 Oriol Servià Spain
33%
1 Simona de Silvestro Switzerland
33%
1 Stefano Coletti Monaco
33%
1 Alex Tagliani Canada
17%
1 Luca Filippi Italy
17%
1 Antônio Pizzonia Brazil
0%
1 Giorgio Pantano Italy
0%
1 Zachary Claman DeMelo Canada
0%
No matching quizzes found
Score Distribution
Percent of People with Each Score
Percentile by Number Answered
Your Score History
You have not taken this quiz since the last reset